| 000 | 00699nam a22002177a 4500 | ||
|---|---|---|---|
| 999 |
_c19801 _d19801 |
||
| 003 | AR-CdUCM | ||
| 008 | 190522b ||||| |||| 00| 0 spa d | ||
| 040 |
_aMUNICIPALIDAD PROVINCIAL DEL CUSCO _cBIBLIOTECA MUNICIPAL DEL CUSCO |
||
| 082 |
_a985.009 / _bOR77 |
||
| 100 |
_aOrtega, Julio _95562 |
||
| 245 | _aJuan de Arona / | ||
| 260 |
_aLima : _bInka, _c1521. |
||
| 300 |
_a92 páginas : _b21 cm. |
||
| 440 |
_aBiblioteca hombres del Perú _ncuarta serie _941413 |
||
| 505 | _aContenido : El romanticismo en el Perú -- Juan Arona su inteligencia... | ||
| 650 |
_aHistoria _9136 |
||
| 650 |
_aBiografía _922 |
||
| 700 |
_aAlva Orlandini, Hernan _935590 |
||
| 942 |
_2ddc _cLIBROS |
||
| 945 | _arcc | ||